000 00366cam a22001457a 4500
008 180718b1957 xxu||||| |||| 00| 0 eng d
082 _aA6x42 M349e
100 _aMarriott, J.A.R.
245 _aEngland since Waterloo
_cby J.A.R. Marriott
250 _a15th ed.
260 _aLondon
_bMethuen
_c1957
300 _a458p.
500 _a30/-
650 _aU.K. - History
999 _c373058
_d373058